Sports Quiz

Random Sports or World Quiz
Score 0/64 Timer 15:00
0 Plays Today
Year Name % Correct
2001Valentino Rossi
98.9%
2002Valentino Rossi
98.9%
2003Valentino Rossi
98.9%
2004Valentino Rossi
98.9%
2005Valentino Rossi
98.9%
2008Valentino Rossi
98.9%
2009Valentino Rossi
98.9%
2010Jorge Lorenzo
95.8%
2012Jorge Lorenzo
95.8%
2007Casey Stoner
95.3%
2011Casey Stoner
95.3%
2006Nicky Hayden
93.6%
1994Mick Doohan
86.6%
1995Mick Doohan
86.6%
1996Mick Doohan
86.6%
1997Mick Doohan
86.6%
1998Mick Doohan
86.6%
1966Giacomo Agostini
84.1%
1967Giacomo Agostini
84.1%
1968Giacomo Agostini
84.1%
1969Giacomo Agostini
84.1%
1970Giacomo Agostini
84.1%
1971Giacomo Agostini
84.1%
1972Giacomo Agostini
84.1%
1975Giacomo Agostini
84.1%
1978Kenny Roberts
83.9%
1979Kenny Roberts
83.9%
1980Kenny Roberts
83.9%
1990Wayne Rainey
76.9%
1991Wayne Rainey
76.9%
1992Wayne Rainey
76.9%
1999Alex Criville
75.6%
Year Name % Correct
1993Kevin Schwantz
74.5%
1962Mike Hailwood
68.4%
1963Mike Hailwood
68.4%
1964Mike Hailwood
68.4%
1965Mike Hailwood
68.4%
1976Barry Sheene
65.6%
1977Barry Sheene
65.6%
1956John Surtees
65.4%
1958John Surtees
65.4%
1959John Surtees
65.4%
1960John Surtees
65.4%
1987Wayne Gardner
65%
1984Eddie Lawson
64.3%
1986Eddie Lawson
64.3%
1988Eddie Lawson
64.3%
1989Eddie Lawson
64.3%
2000Kenny Roberts Jr.
63.3%
1983Freddie Spencer
62.4%
1985Freddie Spencer
62.4%
1973Phil Read
52.2%
1974Phil Read
52.2%
1951Geoff Duke
47.4%
1953Geoff Duke
47.4%
1954Geoff Duke
47.4%
1955Geoff Duke
47.4%
1982Franco Uncini
45.9%
1981Marco Lucchinelli
40.3%
1949Leslie Graham
33.1%
1950Umberto Masetti
29.5%
1952Umberto Masetti
29.5%
1961Gary Hocking
28.9%
1957Libero Liberati
25.5%

You're not logged in!

Compare scores with friends on all Sporcle quizzes.
OR
Log In

Sporcle TV

Today on Sporcle TV


Watch our educational content, quiz creation guides, and fun videos on Sporcle TV.

Show Comments

Extras

Created Sep 15, 2013ReportNominate
Tags:World Quiz, 500cc, champion, motogp

Top Quizzes Today


Score Distribution

Paid Content

Your Account Isn't Verified!

In order to create a playlist on Sporcle, you need to verify the email address you used during registration. Go to your Sporcle Settings to finish the process.

Report this User

Report this user for behavior that violates our Community Guidelines.

Details: